| 000 | 00315 a2200133 4500 | ||
|---|---|---|---|
| 999 |
_c324878 _d324878 |
||
| 001 | 89805 | ||
| 003 | NUST | ||
| 082 | _a813.54 GRI | ||
| 100 |
_aGrisham John _99825 |
||
| 245 |
_aThe last juror _cJohn Grisham |
||
| 260 |
_aLondon _bArrow Books _c2004 |
||
| 300 | _aiv, 506p. | ||
| 500 | _aGeneral Books | ||
| 942 |
_aCAE NUST _cBK _k813.54 GRI _2ddc |
||